| 000 | 00000nas 2200000zi 4500 |
| 001 | 9.504248 |
| 003 | CaOODSP |
| 005 | 20240524092851 |
| 006 | m o d f |
| 007 | cr ||||||||||| |
| 008 | 150406c2010 quchu p o f0 b0fre|d |
| 022 | |a2368-0555 |
| 040 | |aCaOODSP|bfre|erda|cCaOODSP |
| 043 | |an-cn--- |
| 086 | 1 |aEn1-55/1F-PDF|zEn1-55/1-2013F-PDF |
| 110 | 1 |aCanada. |bEnvironnement et changement climatique Canada, |eauteur, |eorganisme de publication. |
| 245 | 10|aCadre de gestion de la stratégie fédérale de développement durable de ... |
| 264 | 1|aGatineau (Québec) : |bEnvironnement et changement climatique Canada = Environment and Climate Change Canada, |c[2010]- |
| 310 | |aTriennal |
| 336 | |atexte|btxt|2rdacontent/fre |
| 337 | |ainformatique|bc|2rdamedia/fre |
| 338 | |aressource en ligne|bcr|2rdacarrier/fre |
| 362 | 1 |aParaît depuis 2010? |
| 500 | |aPublié aussi en anglais sous le titre : The federal sustainable development strategy ... management framework. |
| 550 | |aPublié par Environnement Canada avant 2015. |
| 610 | 16|aCanada. |bEnvironnement et changement climatique Canada|xPlanification|vPériodiques. |
| 650 | 6|aAdministration publique|xAspect de l'environnement|zCanada|vPériodiques. |
| 650 | 6|aDéveloppement durable|xPolitique gouvernementale|zCanada|vPériodiques. |
| 650 | 6|aEnvironnement|xPolitique gouvernementale|zCanada|vPériodiques. |
| 655 | 7|aPériodiques|2rvmgf |
| 775 | 08|tThe federal sustainable development strategy ... management framework.|w(CaOODSP)9.507870 |